000
00212nam a22000857a 4500
001
1242207
005
20251014115325.0
245
_a
FRANZ FUTBOL HİKAYESİ
_c
CHRİSTİNE NÖSTLİNGER
260
_b
GÜNIŞIĞI YAYINLARI
999
_c
1242207
_d
1242207